Netherlands Immigration by Country - Statistics

General Stats
  • This quiz has been taken 52,851 times
    16,681 since last reset
  • The average score is 15 of 20
Answer Stats
# Country % Correct
103,530 United Kingdom
97%
348,712 Germany
96%
138,037 Belgium
95%
60,633 United States
90%
62,380 Spain
87%
99,649 China
85%
89,272 India
84%
241,403 Poland
83%
71,504 Italy
82%
457,100 Turkey
82%
165,557 Syria
77%
356,566 Indonesia
75%
121,803 Ukraine
74%
89,276 Iraq
71%
59,337 Iran
70%
429,176 Morocco
67%
59,573 Romania
65%
365,352 Suriname
58%
60,999 Bulgaria
54%
61,473 Afghanistan
53%
No matching quizzes found
Score Distribution
Percent of People with Each Score
Percentile by Number Answered
Your Score History
You have not taken this quiz since the last reset